| 000 | 00472nam a2200169Ia 4500 | ||
|---|---|---|---|
| 005 | 20250508153333.0 | ||
| 008 | 008 250505s9999 xx 000 0 eng d | ||
| 037 | _aTextual | ||
| 040 |
_aFEDL _beng _cFEDL |
||
| 041 |
_aeng _2eng |
||
| 084 |
_a379.4267, ESS _qFEDL |
||
| 245 | 0 | _aEducation in essex 1928-35 : Report of the essex education committee | |
| 260 | _c1935 | ||
| 300 | _a207p. | ||
| 942 |
_cTEXL _h379.4267, ESS |
||
| 999 |
_c1342122 _d1342122 |
||